| 000 | 00884nam a2200241Ia 4500 | ||
|---|---|---|---|
| 003 | GCL | ||
| 005 | 20240530095238.0 | ||
| 008 | 140319s9999 xx 000 0 ara d | ||
| 020 | _a4350208977 | ||
| 040 |
_aGCL / _cGCL |
||
| 082 | 0 | 4 |
_a953.07393 _bق/أ ت |
| 100 | 1 | _aاحمد فؤاد سيد | |
| 245 | 1 | 0 |
_aتاريخ مصر الاسلامية زمن سلاطين بنى ايوب ( 567 هـ - 648هـ ) / _cاحمد فؤاد سيد |
| 260 |
_aالقاهرة : _bمكتبة مدبولى ، _c2002 |
||
| 300 |
_a391 ص ؛ _c24 سم |
||
| 490 |
_aصفحات من تاريخ مصر _v50 |
||
| 650 | 0 | 4 | _aالدولة الايوبية |
| 650 | 0 | 4 | _aالعباسيون |
| 650 | 0 | 4 | _aالفاطميون |
| 650 | 0 | 4 | _aمصر - تاريخ - العصر الفاطمى ( 969-1171 م ) |
| 650 | 0 | 4 | _aمصر - تاريخ - العصر الايوبى ( 1171-1250 م ) |
| 942 |
_2ddc _cBK |
||
| 999 |
_c5380 _d5380 |
||